000 00403nam a2200145 4500
999 _c3631
_d3631
008 200623b ||||| |||| 00| 0 eng d
020 _a9280110810
082 0 0 _a628.1683
_bI245
110 _9808
_aIGMCO
245 1 0 _aManual on oil pollution section II (contingency planning ) /
_cby IGMCO
260 _aLondon
_bIMO
_c1978
300 _a.
650 0 _aOil pollution of rivers, harbors
942 _2ddc
_cBK